[Event "Guernsey International Holiday"]
[Site "?"]
[Date "2018.10.25"]
[Round "5"]
[White "Nalichowski, Bogdan"]
[Black "Bateman, Kerry"]
[Result "0-1"]
[WhiteElo "1378"]
[BlackElo "1710"]
[PlyCount "98"]
[EventDate "2018.10.21"]
[EventType "swiss"]
[EventRounds "7"]

1. e4 c5 2. Nf3 d6 3. d4 cxd4 4. Nxd4 Nf6 5. Nc3 g6 6. Be3 Bg7 7. Bd3 O-O 8.
O-O Ng4 9. h3 Nxe3 10. fxe3 Nc6 11. Bc4 Bd7 12. a3 Rc8 13. Ba2 Ne5 14. Qe2 e6
15. Rad1 Qb6 16. Rb1 Qc5 17. Nd1 a6 18. c3 Nc4 19. Kh1 Bh6 20. Rf3 e5 21. b4
Qc7 22. Nc2 Nb6 23. Rg3 Na4 24. Qd3 Bb5 25. Qd2 Nxc3 26. Rb2 Nxe4 27. Bxf7+
Qxf7 28. Rxg6+ hxg6 29. Qc1 Qf1+ 30. Kh2 Nf2 31. Qb1 Nxd1 32. Ne1 Qxe1 33.
Qxg6+ Bg7 34. Rb1 Rf6 35. Qg4 Rcf8 36. Rxd1 Qxe3 37. Kh1 Rf1+ 38. Rxf1 Rxf1+
39. Kh2 Qf4+ 40. Qxf4 exf4 41. a4 Bc6 42. b5 axb5 43. axb5 Be4 44. h4 Be5 45.
g4 fxg3+ 46. Kh3 Bf5+ 47. Kg2 Rb1 48. h5 Be4+ 49. Kh3 g2 0-1

[Event "Guernsey International Holiday"]
[Site "?"]
[Date "2018.10.25"]
[Round "5"]
[White "Nevska, Gerda"]
[Black "Hoogakker, Peter"]
[Result "1/2-1/2"]
[WhiteElo "1819"]
[BlackElo "1787"]
[PlyCount "58"]
[EventDate "2018.10.21"]
[EventType "swiss"]
[EventRounds "7"]

1. c4 Nf6 2. g3 e5 3. Bg2 Bc5 4. Nc3 c6 5. Qb3 Qb6 6. e3 O-O 7. Nge2 d6 8. Qxb6
Bxb6 9. b4 Be6 10. d3 Bf5 11. e4 Be6 12. Bg5 Ng4 13. O-O f6 14. Bd2 f5 15. h3
Nxf2 16. Rxf2 Bxf2+ 17. Kxf2 fxe4+ 18. Ke3 d5 19. cxd5 cxd5 20. Nxd5 Bxd5 21.
Nc3 Be6 22. Nb5 Rf7 23. Bxe4 Nc6 24. Nd6 Rd7 25. Nxb7 Bd5 26. Nc5 Rd6 27. Nb7
Rd7 28. Nc5 Rd6 29. Nb7 Rd7 1/2-1/2

[Event "Guernsey International Holiday"]
[Site "?"]
[Date "2018.10.25"]
[Round "5"]
[White "Finch, Russell"]
[Black "Van Hoek, Wim"]
[Result "1/2-1/2"]
[WhiteElo "1622"]
[BlackElo "1882"]
[PlyCount "105"]
[EventDate "2018.10.21"]
[EventType "swiss"]
[EventRounds "7"]

1. Nf3 d5 2. g3 e6 3. Bg2 f5 4. d3 Nf6 5. O-O Bd6 6. Nbd2 O-O 7. c4 c6 8. b3
Qe7 9. Bb2 Nbd7 10. Qc2 e5 11. cxd5 cxd5 12. e4 fxe4 13. dxe4 d4 14. Ne1 Nb6
15. Nd3 Be6 16. Rac1 a5 17. Rfe1 Rac8 18. Qb1 Bb4 19. Re2 Rxc1+ 20. Qxc1 Rc8
21. Qd1 Bc3 22. Nb1 Bxb2 23. Rxb2 Bd7 24. Rc2 Rxc2 25. Qxc2 Bb5 26. f3 Bxd3 27.
Qxd3 Qc5 28. Kf2 Qc1 29. a4 Nfd7 30. Ke2 Nc5 31. Qd1 d3+ 32. Ke1 Qe3+ 33. Kf1
Qe2+ 34. Qxe2 dxe2+ 35. Kxe2 Nxb3 36. Bh3 Nd4+ 37. Ke3 Nxa4 38. f4 Kf7 39. fxe5
Ne6 40. Na3 Nac5 41. Bf1 Ke7 42. Bc4 h6 43. Bd5 b6 44. Nc4 Nd7 45. h3 Nec5 46.
Kd4 Nb3+ 47. Kc3 Nbc5 48. Kd4 Ne6+ 49. Kc3 g5 50. h4 Nef8 51. e6 Nf6 52. Nxb6
Nxd5+ 53. exd5 1/2-1/2

[Event "Guernsey International Holiday"]
[Site "?"]
[Date "2018.10.25"]
[Round "5"]
[White "Colsen, Manuel"]
[Black "Turner, David J"]
[Result "0-1"]
[WhiteElo "1628"]
[BlackElo "1763"]
[PlyCount "62"]
[EventDate "2018.10.21"]
[EventType "swiss"]
[EventRounds "7"]

1. Nf3 d6 2. d4 Nf6 3. g3 g6 4. Bg2 Bg7 5. O-O O-O 6. Bg5 Re8 7. c4 c6 8. Nc3
Qc7 9. e4 e5 10. d5 c5 11. Bxf6 Bxf6 12. Nb5 Qe7 13. Nd2 Na6 14. a3 Kg7 15. Rb1
h5 16. h3 Rh8 17. b4 b6 18. Re1 h4 19. g4 Bg5 20. Qf3 Bxd2 21. Red1 Bf4 22. Bf1
Nc7 23. Nc3 Rh6 24. bxc5 bxc5 25. Nb5 Ne8 26. Rb2 f5 27. exf5 gxf5 28. gxf5
Bxf5 29. Kh1 Nf6 30. Be2 Be4 31. Rg1+ Kf7 0-1

[Event "Guernsey International Holiday"]
[Site "?"]
[Date "2018.10.25"]
[Round "5"]
[White "Stanners, Michael J"]
[Black "O'Brien, Paul W"]
[Result "1-0"]
[WhiteElo "1762"]
[BlackElo "1654"]
[PlyCount "95"]
[EventDate "2018.10.21"]
[EventType "swiss"]
[EventRounds "7"]

1. d4 f5 2. Bg5 Nf6 3. Bxf6 exf6 4. e3 d5 5. Bd3 Be6 6. Ne2 Bd6 7. Ng3 g6 8. f4
Qe7 9. c3 O-O 10. Nd2 Nd7 11. Nf3 c5 12. Qd2 cxd4 13. exd4 Nb6 14. O-O-O Qc7
15. Ne2 Nc4 16. Bxc4 Qxc4 17. Kb1 Rfe8 18. Rhe1 Bd7 19. Nc1 Re4 20. g3 Rae8 21.
Rxe4 fxe4 22. Nh4 f5 23. Ng2 a5 24. Ne3 Qc6 25. Nb3 b6 26. Qe2 a4 27. Nc1 a3
28. Nb3 axb2 29. Qxb2 Ra8 30. Nd2 b5 31. Qb3 Be6 32. Nc2 Ra4 33. Nb4 Qa8 34.
Kb2 Kf7 35. Nf1 Bxb4 36. cxb4 Qb7 37. Ne3 Ra8 38. Rc1 Rc8 39. Rc5 Rd8 40. Qc2
Rd7 41. Qe2 Qa7 42. Qc2 Qb7 43. a3 Ke7 44. Qe2 Qa7 45. Qxb5 Rb7 46. Qc6 Rd7 47.
Kb3 Kf7 48. a4 1-0

[Event "Guernsey International Holiday"]
[Site "?"]
[Date "2018.10.25"]
[Round "5"]
[White "Gibson, John"]
[Black "Kirk, Matthew"]
[Result "1-0"]
[WhiteElo "1608"]
[BlackElo "1732"]
[PlyCount "71"]
[EventDate "2018.10.21"]
[EventType "swiss"]
[EventRounds "7"]

1. d4 d5 2. Nf3 Nf6 3. e3 c6 4. Bd3 Bg4 5. Nbd2 e6 6. h3 Bxf3 7. Nxf3 Be7 8.
O-O O-O 9. Ne5 Nbd7 10. f4 c5 11. c3 g6 12. Bd2 Qb6 13. Qe2 cxd4 14. exd4 Rac8
15. Nxd7 Nxd7 16. f5 e5 17. Bh6 Rfe8 18. fxg6 hxg6 19. Bb5 Rc6 20. Bxc6 Qxc6
21. Qf2 Qe6 22. Rae1 e4 23. Re3 Kh7 24. Qf4 Nb6 25. Bg5 Bxg5 26. Qxg5 Nc4 27.
Re2 Kg7 28. Rf4 f6 29. Qg3 Rh8 30. b3 Nd6 31. c4 dxc4 32. bxc4 Qxc4 33. Rxf6
Qxd4+ 34. Rff2 Re8 35. Rd2 Nf5 36. Qc7+ 1-0

[Event "Guernsey International Holiday"]
[Site "?"]
[Date "2018.10.25"]
[Round "5"]
[White "Foster, Paul"]
[Black "Glover, John"]
[Result "1/2-1/2"]
[WhiteElo "1540"]
[BlackElo "1717"]
[PlyCount "71"]
[EventDate "2018.10.21"]
[EventType "swiss"]
[EventRounds "7"]

1. e4 d5 2. exd5 Qxd5 3. Nc3 Qd6 4. d4 Nf6 5. Bc4 a6 6. Nge2 e6 7. Bf4 Qd8 8.
O-O Bd6 9. Bg5 Nbd7 10. Qd2 b5 11. Bb3 Bb7 12. d5 e5 13. Ng3 O-O 14. Nf5 Be7
15. d6 cxd6 16. Nxd6 Bxd6 17. Qxd6 Qb6 18. Rad1 Qc6 19. Qxc6 Bxc6 20. Rd6 Rac8
21. Rfd1 Nc5 22. Bxf6 gxf6 23. Bd5 Bxd5 24. Nxd5 Kg7 25. Ne3 Kg6 26. h4 h5 27.
f3 Ra8 28. Nd5 Ne6 29. Ne7+ Kg7 30. R1d2 Rfe8 31. Nf5+ Kg6 32. g4 Nf4 33. Rd7
Re6 34. Ne7+ Kg7 35. Nf5+ Kg6 36. Ne7+ 1/2-1/2

[Event "Guernsey International Holiday"]
[Site "?"]
[Date "2018.10.25"]
[Round "5"]
[White "Jongerius, Marc"]
[Black "Jones, Sidney A"]
[Result "1/2-1/2"]
[WhiteElo "1686"]
[BlackElo "1488"]
[PlyCount "50"]
[EventDate "2018.10.21"]
[EventType "swiss"]
[EventRounds "7"]

1. e4 e5 2. Nf3 Nc6 3. Bc4 Bc5 4. c3 Nf6 5. d3 O-O 6. O-O a6 7. b4 Be7 8. a4 d6
9. h3 Bd7 10. Qb3 Qc8 11. Ng5 Nd8 12. Re1 h6 13. Nf3 Be6 14. Bxe6 Qxe6 15. Qxe6
Nxe6 16. Nh4 c5 17. Nf5 Bd8 18. Nxd6 b6 19. Nc4 Bc7 20. Be3 Rfd8 21. Rd1 Nxe4
22. Nb2 Nf6 23. Na3 cxb4 24. cxb4 Nd5 25. Nc2 Ndf4 1/2-1/2

[Event "Guernsey International Holiday"]
[Site "?"]
[Date "2018.10.25"]
[Round "5"]
[White "Kershaw, Graham"]
[Black "Harnden, Terry"]
[Result "1/2-1/2"]
[WhiteElo "1712"]
[BlackElo "1428"]
[PlyCount "82"]
[EventDate "2018.10.21"]
[EventType "swiss"]
[EventRounds "7"]

1. e4 c5 2. Nf3 d6 3. d4 cxd4 4. Nxd4 Nf6 5. Nc3 g6 6. Be2 Bg7 7. Be3 O-O 8. f4
Nc6 9. Bf3 Bd7 10. h3 Rc8 11. O-O b6 12. Qd2 a6 13. Nce2 e5 14. Nb3 Be6 15.
Rad1 Ne8 16. f5 Bc4 17. Nbc1 Qc7 18. c3 a5 19. b3 Bxe2 20. Nxe2 Rd8 21. c4 Nf6
22. fxg6 fxg6 23. Nc3 Na7 24. Rc1 Kh8 25. Rfd1 h5 26. Na4 Nc8 27. b4 Qc6 28. b5
Qc7 29. Qe2 Kh7 30. Qd2 Kh8 31. Bg5 Kh7 32. Qe3 Kh8 33. Be2 Kh7 34. Nc3 Qc5 35.
Qxc5 dxc5 36. Rxd8 Rxd8 37. Nd5 Rd6 38. Rd1 Nxe4 39. Bh4 Nf6 40. Bxf6 Bxf6 41.
Nxf6+ Rxf6 1/2-1/2

[Event "Guernsey International Holiday"]
[Site "?"]
[Date "2018.10.25"]
[Round "5"]
[White "Goris Schouwstra, Adry"]
[Black "Beadle, John R"]
[Result "0-1"]
[WhiteElo "1697"]
[BlackElo "1565"]
[PlyCount "90"]
[EventDate "2018.10.21"]
[EventType "swiss"]
[EventRounds "7"]

1. d4 Nf6 2. Nf3 d6 3. e3 Bf5 4. Bd3 Bxd3 5. Qxd3 Nbd7 6. O-O g6 7. c4 c5 8.
Nc3 Bg7 9. d5 O-O 10. e4 Ng4 11. Rb1 b6 12. h3 Nge5 13. Nxe5 Nxe5 14. Qe2 f5
15. f4 Nd7 16. exf5 Rxf5 17. Ne4 h6 18. Bd2 Qf8 19. Ng3 Rf7 20. Qd3 Bd4+ 21.
Kh1 Qg7 22. Rf3 Bxb2 23. Nh5 Qd4 24. Qxg6+ Kf8 25. Qxh6+ Ke8 26. Be3 Qc3 27.
Rbf1 Qxc4 28. R1f2 Ba1 29. Rd2 Qe4 30. Rg3 Nf8 31. Rd1 Bb2 32. Bf2 Kd7 33. Qg5
Nh7 34. Qg4+ Qf5 35. Qe2 Bf6 36. Re3 a6 37. g4 Qg6 38. Re6 b5 39. g5 Rg8 40.
Rg1 Qf5 41. Kh2 Bxg5 42. Rg4 Qxd5 43. Rxg5 Rxg5 44. Ng3 Rxg3 45. Bxg3 Qxe6 0-1

[Event "Guernsey International Holiday"]
[Site "?"]
[Date "2018.10.25"]
[Round "5"]
[White "Bakkes, Frits"]
[Black "Shek, Daniel"]
[Result "1-0"]
[WhiteElo "1650"]
[BlackElo "1304"]
[PlyCount "93"]
[EventDate "2018.10.21"]
[EventType "swiss"]
[EventRounds "7"]

1. e4 c5 2. Nf3 Nc6 3. d4 cxd4 4. c3 dxc3 5. Nxc3 d6 6. Bc4 g6 7. O-O Bg7 8.
Bf4 Nf6 9. Qe2 O-O 10. h3 a6 11. a3 Bd7 12. Rfd1 Qa5 13. b4 Nxb4 14. axb4 Qxb4
15. e5 Qxc3 16. exf6 Bxf6 17. Rac1 Qa5 18. Rd5 b5 19. Bb3 Be6 20. Rd3 Bxb3 21.
Rxb3 Rfc8 22. Rbb1 Rxc1+ 23. Rxc1 b4 24. Nd2 Qa2 25. Qf3 Rb8 26. Ne4 Bb2 27.
Rc7 Re8 28. Qe3 Be5 29. Bxe5 dxe5 30. Kh2 b3 31. Nc3 Qa1 32. Qxe5 b2 33. Rb7 f6
34. Qe3 a5 35. Qe6+ Kf8 36. Qb6 Rc8 37. Qe6 Re8 38. Qe2 b1=Q 39. Nxb1 a4 40.
Qb2 Qxb2 41. Rxb2 Ra8 42. Ra2 Kf7 43. Nc3 a3 44. Nb5 Ra5 45. Nd4 Ra4 46. Nc2
Ra7 47. Kg1 1-0

[Event "Guernsey International Holiday"]
[Site "?"]
[Date "2018.10.25"]
[Round "5"]
[White "Maurus, Mickey"]
[Black "Nielsen, Jorgen Holmstrom"]
[Result "0-1"]
[WhiteElo "1435"]
[BlackElo "1748"]
[PlyCount "90"]
[EventDate "2018.10.21"]
[EventType "swiss"]
[EventRounds "7"]

1. d4 Nf6 2. Bf4 d6 3. e3 Bf5 4. c3 c6 5. Nf3 Nbd7 6. Bd3 Bxd3 7. Qxd3 e6 8.
Nbd2 Be7 9. O-O Nh5 10. Bg3 Nxg3 11. hxg3 O-O 12. e4 Qc7 13. Rfe1 Rad8 14. Qe3
b5 15. d5 h6 16. dxc6 Ne5 17. Nxe5 dxe5 18. Nf3 f6 19. Rac1 Qxc6 20. Qxa7 Bc5
21. Nd4 exd4 22. cxd4 Bxa7 23. Rxc6 Rfe8 24. b3 Rxd4 25. Rc7 Bb8 26. Rb7 b4 27.
g4 Red8 28. Kf1 Bf4 29. g3 Bd2 30. Re2 Bc3 31. Ra7 Rd2 32. Rxd2 Rxd2 33. a3
Rxf2+ 34. Kxf2 Bd4+ 35. Ke2 Bxa7 36. axb4 Kf8 37. Kf3 Ke7 38. Kf4 Kd6 39. b5
Kc5 40. e5 Bb8 41. Ke4 Bxe5 42. b4+ Kxb5 43. Kd3 Kxb4 44. Ke3 Kc4 45. Kf3 Kd3
0-1

[Event "Guernsey International Holiday"]
[Site "?"]
[Date "2018.10.25"]
[Round "5"]
[White "Remie, Peter"]
[Black "Van Beek, Ronald"]
[Result "1-0"]
[WhiteElo "1714"]
[BlackElo "1366"]
[PlyCount "55"]
[EventDate "2018.10.21"]
[EventType "swiss"]
[EventRounds "7"]

1. d4 Nf6 2. Nf3 g6 3. Bf4 d6 4. e3 Bg7 5. c4 O-O 6. Nc3 b6 7. Be2 c5 8. d5 Bd7
9. Qd2 Bf5 10. h3 Ne4 11. Nxe4 Bxe4 12. Nh4 Bf6 13. Nf3 Bxf3 14. Bxf3 Nd7 15.
Rb1 Be5 16. O-O Bxf4 17. exf4 Qc7 18. Rfe1 Rae8 19. f5 Ne5 20. Be2 Qd7 21. f4
Qxf5 22. fxe5 Qxe5 23. Bg4 Qg7 24. Bd7 Rd8 25. Rxe7 Qf6 26. Rbe1 Qd4+ 27. Qxd4
cxd4 28. Bc6 1-0

[Event "Guernsey International Holiday"]
[Site "?"]
[Date "2018.10.25"]
[Round "5"]
[White "Bennett, David"]
[Black "Foran, Barry"]
[Result "0-1"]
[WhiteElo "1383"]
[BlackElo "1688"]
[PlyCount "102"]
[EventDate "2018.10.21"]
[EventType "swiss"]
[EventRounds "7"]

1. Nf3 Nf6 2. d4 d5 3. Bf4 e6 4. a3 c5 5. e3 Nc6 6. Nbd2 Bd6 7. Bxd6 Qxd6 8.
Bb5 Bd7 9. O-O O-O 10. Bxc6 Bxc6 11. a4 Rfc8 12. Ne5 b6 13. Ndf3 cxd4 14. exd4
Qb4 15. b3 Be8 16. Rc1 Rc7 17. Nd3 Qd6 18. Re1 Ne4 19. Qe2 Rac8 20. Nfe5 Nc3
21. Qf3 Na2 22. Ra1 Rxc2 23. Qf4 Nb4 24. Nxb4 Qxb4 25. Rf1 Qxb3 26. h4 Qc3 27.
Rae1 Qc7 28. Qe3 Bxa4 29. Ra1 Be8 30. f4 Rc3 31. Qf2 Bb5 32. Rfe1 Bd3 33. h5
Be4 34. Kh2 Rc2 35. Re2 Rxe2 36. Qxe2 f6 37. Ng4 Qxf4+ 38. Kg1 Rc1+ 39. Rxc1
Qxc1+ 40. Kh2 Qc2 41. Qxc2 Bxc2 42. Ne3 Bd3 43. g4 a5 44. Nd1 Be2 45. Ne3 a4
46. Kg3 a3 47. Nc2 a2 48. Na1 b5 49. Kf4 b4 50. g5 Bd1 51. Ke3 b3 0-1

[Event "Guernsey International Holiday"]
[Site "?"]
[Date "2018.10.26"]
[Round "6"]
[White "Bateman, Kerry"]
[Black "Strade, Arita"]
[Result "0-1"]
[WhiteElo "1710"]
[BlackElo "1846"]
[PlyCount "70"]
[EventDate "2018.10.21"]
[EventType "swiss"]
[EventRounds "7"]

1. e4 c5 2. Nc3 Nc6 3. f4 d6 4. Nf3 a6 5. a4 g6 6. Bc4 Bg7 7. O-O e6 8. d3 Nge7
9. Qe1 Nd4 10. Qf2 Nec6 11. Kh1 Nxf3 12. Qxf3 Nd4 13. Qf2 O-O 14. Ba2 b5 15.
Bb1 b4 16. Nd1 Rb8 17. Ne3 Bd7 18. a5 Qc7 19. Nc4 Bb5 20. Nb6 Rbd8 21. Be3 d5
22. exd5 exd5 23. c3 Nb3 24. Ba2 Nxa1 25. Nxd5 Qb7 26. c4 b3 27. Bxc5 bxa2 28.
Rxa1 Rxd5 29. Bxf8 Bxf8 30. cxd5 Qxd5 31. Qf3 Qb3 32. Qd1 Qxb2 33. Qc1 Qxc1+
34. Rxc1 Bxd3 35. h3 Bb1 0-1

[Event "Guernsey International Holiday"]
[Site "?"]
[Date "2018.10.26"]
[Round "6"]
[White "Collins, Alan"]
[Black "Dennis, Nigel W"]
[Result "1/2-1/2"]
[WhiteElo "1650"]
[BlackElo "1801"]
[PlyCount "71"]
[EventDate "2018.10.21"]
[EventType "swiss"]
[EventRounds "7"]

1. f4 d5 2. Nf3 c5 3. d3 Nf6 4. g3 e6 5. Bg2 Be7 6. O-O Nc6 7. c3 O-O 8. Na3
Bd7 9. Nc2 Qc7 10. Qe1 b5 11. e4 dxe4 12. dxe4 Rab8 13. Kh1 b4 14. cxb4 Nxb4
15. Nxb4 Rxb4 16. Nd2 Bc6 17. a3 Rd4 18. e5 Qb7 19. Bxc6 Qxc6+ 20. Nf3 Ne4 21.
Be3 Rd3 22. Rd1 Rfd8 23. Rxd3 Rxd3 24. Qe2 Qd5 25. Kg2 a5 26. Kh3 c4 27. Ne1
Rb3 28. Ng2 f5 29. Rd1 Rd3 30. Rc1 h6 31. Ne1 Rxe3 32. Qxe3 Bc5 33. Qf3 Bf2 34.
Kg2 Qd2 35. Rc2 Qxe1 36. Rxf2 1/2-1/2

[Event "Guernsey International Holiday"]
[Site "?"]
[Date "2018.10.26"]
[Round "6"]
[White "Hall, Alan"]
[Black "Brown, Geoffrey D"]
[Result "0-1"]
[WhiteElo "1731"]
[BlackElo "1612"]
[PlyCount "120"]
[EventDate "2018.10.21"]
[EventType "swiss"]
[EventRounds "7"]

1. d4 e6 2. Nf3 f5 3. Bf4 Nf6 4. c4 Be7 5. h3 O-O 6. e3 d6 7. Be2 Kh8 8. Nc3 a5
9. Qc2 Qe8 10. g4 Nc6 11. a3 Bd8 12. Bg3 e5 13. d5 Ne7 14. O-O-O Bd7 15. Rdg1
c6 16. g5 Ne4 17. dxc6 Bxc6 18. Rd1 Nxg3 19. fxg3 Bc7 20. Rhg1 Rd8 21. a4 Bb6
22. Rgf1 Bxe3+ 23. Kb1 f4 24. g4 Ng6 25. Bd3 Bc5 26. b3 Rd7 27. Bf5 Rd8 28. Ne4
Bb4 29. Nc3 Bxc3 30. Qxc3 e4 31. Nd4 e3 32. Rde1 Be4+ 33. Kb2 Bg2 34. Ne6 Rf7
35. Nxd8 Qxd8 36. Bxg6 hxg6 37. Rg1 Bc6 38. Rgf1 Qxg5 39. Rxe3 fxe3 40. Rxf7
Qe5 41. Qxe5 dxe5 42. Rf8+ Kh7 43. Kc1 Bg2 44. g5 e4 45. h4 Bf3 46. Ra8 b5 47.
cxb5 e2 48. Kd2 e3+ 49. Ke1 Bxa8 50. Kxe2 Bd5 51. b6 Kg8 52. Kxe3 Kf7 53. Kd4
Ke6 54. Kc5 Bb7 55. Kb5 Kd5 56. b4 axb4 57. Kxb4 Kc6 58. a5 Ba6 59. Ka4 Kc5 60.
Kb3 Kb5 0-1

[Event "Guernsey International Holiday"]
[Site "?"]
[Date "2018.10.26"]
[Round "6"]
[White "O'Connell, Denis"]
[Black "Haisma, Henk"]
[Result "1-0"]
[WhiteElo "1783"]
[BlackElo "1787"]
[PlyCount "79"]
[EventDate "2018.10.21"]
[EventType "swiss"]
[EventRounds "7"]

1. e4 c5 2. b4 e5 3. Nf3 Qc7 4. Nc3 Nf6 5. Nb5 Qb6 6. Nxe5 a6 7. Nc4 Qc6 8.
Nbd6+ Bxd6 9. e5 Qe4+ 10. Qe2 Qxe2+ 11. Bxe2 Bc7 12. exf6 d5 13. fxg7 Rg8 14.
Ne3 Be6 15. Bf3 Be5 16. Rb1 Nc6 17. bxc5 O-O-O 18. c3 Rxg7 19. d4 Bc7 20. O-O
h5 21. h4 f5 22. Re1 f4 23. Nf1 Bg4 24. Bxg4+ Rxg4 25. g3 fxg3 26. f3 Rg6 27.
Kg2 Rdg8 28. Bg5 Bd8 29. Bxd8 Nxd8 30. Re5 Ne6 31. Rf5 Rf8 32. Rxf8+ Nxf8 33.
Nxg3 Ne6 34. Kh2 Nf4 35. Re1 Kd7 36. Re5 Kc6 37. Rf5 Nd3 38. Nxh5 Rh6 39. Rf6+
Rxf6 40. Nxf6 1-0

[Event "Guernsey International Holiday"]
[Site "?"]
[Date "2018.10.26"]
[Round "6"]
[White "Kearsley, Raymond J"]
[Black "Nevska, Gerda"]
[Result "0-1"]
[WhiteElo "1590"]
[BlackElo "1819"]
[PlyCount "60"]
[EventDate "2018.10.21"]
[EventType "swiss"]
[EventRounds "7"]

1. e4 c5 2. Nf3 a6 3. c3 d6 4. d4 cxd4 5. cxd4 Nf6 6. Nc3 b5 7. Bd3 Bb7 8. a3
g6 9. O-O Bg7 10. h3 O-O 11. Be3 h6 12. Qd2 Kh7 13. Nh4 e6 14. Nf3 Nbd7 15.
Rac1 Rc8 16. Qe2 d5 17. exd5 Nxd5 18. Nxd5 Bxd5 19. Rxc8 Qxc8 20. Rc1 Qb7 21.
Ne1 e5 22. dxe5 Nxe5 23. f3 Re8 24. Qf2 Qd7 25. Bf1 Bc4 26. Kh1 Bxf1 27. Qxf1
Nc4 28. Bf2 Bxb2 29. Rb1 Bxa3 30. Nd3 Nd2 0-1

[Event "Guernsey International Holiday"]
[Site "?"]
[Date "2018.10.26"]
[Round "6"]
[White "Turner, David J"]
[Black "Gibson, John"]
[Result "1/2-1/2"]
[WhiteElo "1763"]
[BlackElo "1608"]
[PlyCount "78"]
[EventDate "2018.10.21"]
[EventType "swiss"]
[EventRounds "7"]

1. Nf3 e6 2. d3 b6 3. g3 Bb7 4. Bg2 d5 5. O-O Nf6 6. Nbd2 Be7 7. e4 O-O 8. Re1
c5 9. e5 Ne8 10. h4 Nc6 11. Nf1 Rb8 12. Bf4 Nc7 13. Bh3 d4 14. N1h2 Nd5 15. Bg5
Kh8 16. a3 Rg8 17. Ng4 Qf8 18. Nd2 f5 19. exf6 Bxf6 20. Rxe6 Bxg5 21. hxg5 Re8
22. Rxe8 Qxe8 23. Bg2 Ne5 24. Be4 Rf8 25. Nxe5 Qxe5 26. Qh5 Nf6 27. Qh4 Nxe4
28. Nxe4 Qf5 29. Rf1 Qf3 30. Qh1 Qe2 31. f4 Qxc2 32. Qf3 c4 33. Rf2 Qxd3 34.
Qxd3 cxd3 35. Nd2 Rc8 36. Nf1 Rc2 37. Rd2 Bf3 38. Rxd3 Rg2+ 39. Kh1 Rf2+
1/2-1/2

[Event "Guernsey International Holiday"]
[Site "?"]
[Date "2018.10.26"]
[Round "6"]
[White "Beadle, John R"]
[Black "Nalichowski, Bogdan"]
[Result "0-1"]
[WhiteElo "1565"]
[BlackElo "1378"]
[PlyCount "84"]
[EventDate "2018.10.21"]
[EventType "swiss"]
[EventRounds "7"]

1. e4 e5 2. Nf3 Nc6 3. Bb5 Bc5 4. O-O Nge7 5. c3 a6 6. Ba4 d6 7. d4 exd4 8.
cxd4 Ba7 9. h3 h6 10. Nc3 b5 11. Bc2 O-O 12. Re1 Bd7 13. a3 Qc8 14. Qd3 Re8 15.
Nd5 Kh7 16. e5+ Bf5 17. Nxe7 Nxe7 18. Qb3 Bxc2 19. Qxc2+ g6 20. Qd2 Ng8 21. Qf4
f6 22. exf6 Rxe1+ 23. Nxe1 Qf5 24. Nf3 Qxf6 25. Qxf6 Nxf6 26. b4 c5 27. dxc5
dxc5 28. bxc5 Bxc5 29. Bb2 Ne4 30. Bd4 Bd6 31. Be5 Bf8 32. Nd4 Re8 33. Nf3 Nd2
34. Nxd2 Rxe5 35. Rc1 Bxa3 36. Rc6 a5 37. Ra6 a4 38. Ra5 h5 39. f4 Re1+ 40. Kf2
Rd1 41. Ne4 Rb1 42. Nd6 Bxd6 0-1

[Event "Guernsey International Holiday"]
[Site "?"]
[Date "2018.10.26"]
[Round "6"]
[White "Van Hoek, Wim"]
[Black "Jongerius, Marc"]
[Result "1-0"]
[WhiteElo "1882"]
[BlackElo "1686"]
[PlyCount "105"]
[EventDate "2018.10.21"]
[EventType "swiss"]
[EventRounds "7"]

1. e4 e5 2. Nf3 Nc6 3. Nc3 Nf6 4. h3 Be7 5. d4 exd4 6. Nxd4 O-O 7. Be2 d5 8.
exd5 Nxd5 9. Nxc6 bxc6 10. Bf3 Bb4 11. Bd2 Qf6 12. Nxd5 Bxd2+ 13. Qxd2 cxd5 14.
O-O-O Rb8 15. c3 c6 16. Bg4 Bf5 17. Qf4 Bg6 18. Qxf6 gxf6 19. Bd7 Rb6 20. Rhe1
Rd8 21. Re8+ Rxe8 22. Bxe8 Kf8 23. Bd7 Ke7 24. Bg4 Kf8 25. h4 h5 26. Be2 Rb7
27. Rd4 Re7 28. Kd2 Be4 29. f3 c5 30. Ra4 Bg6 31. Ra5 Rc7 32. Bd3 c4 33. Bxg6
fxg6 34. Rxd5 Ke7 35. b4 cxb3 36. axb3 Ke6 37. c4 Rb7 38. Kc3 a6 39. b4 Rb6 40.
Ra5 f5 41. c5 Rc6 42. Kc4 Ke5 43. b5 axb5+ 44. Rxb5 Ra6 45. Rb6 Ra2 46. Rxg6
Rc2+ 47. Kb5 Rb2+ 48. Kc6 Rb4 49. g3 Ra4 50. Kb5 Ra3 51. f4+ Kd5 52. Rd6+ Ke4
53. c6 1-0

[Event "Guernsey International Holiday"]
[Site "?"]
[Date "2018.10.26"]
[Round "6"]
[White "Hoogakker, Peter"]
[Black "Bakkes, Frits"]
[Result "1-0"]
[WhiteElo "1787"]
[BlackElo "1650"]
[PlyCount "37"]
[EventDate "2018.10.21"]
[EventType "swiss"]
[EventRounds "7"]

1. e4 e5 2. Bc4 Nf6 3. d3 Be7 4. Nf3 d6 5. O-O Bg4 6. c3 O-O 7. Nbd2 c6 8. Re1
b5 9. Bb3 a5 10. Nf1 Nbd7 11. Ng3 Nc5 12. Bc2 Ne6 13. h3 Bxf3 14. Qxf3 Nd7 15.
Nf5 Ng5 16. Qg3 f6 17. h4 Ne6 18. Bb3 Ndc5 19. Qxg7# 1-0

[Event "Guernsey International Holiday"]
[Site "?"]
[Date "2018.10.26"]
[Round "6"]
[White "Foster, Paul"]
[Black "Baart, Edwin"]
[Result "0-1"]
[WhiteElo "1540"]
[BlackElo "1774"]
[PlyCount "154"]
[EventDate "2018.10.21"]
[EventType "swiss"]
[EventRounds "7"]

1. e4 e5 2. Nf3 Nc6 3. Bc4 Nf6 4. d3 Bc5 5. c3 d6 6. b4 Bb6 7. Bg5 h6 8. Be3
O-O 9. Nbd2 Be6 10. d4 Bxc4 11. Nxc4 exd4 12. Nxd4 Nxe4 13. Qd3 Nxd4 14. cxd4
Re8 15. O-O d5 16. Ne5 c6 17. f4 f5 18. Rf3 Bc7 19. Raf1 Bxe5 20. fxe5 Qe7 21.
Rxf5 Rf8 22. a3 Rxf5 23. Rxf5 Rf8 24. Qf1 a6 25. Rxf8+ Qxf8 26. Qxf8+ Kxf8 27.
g4 Nc3 28. Kg2 Kf7 29. h4 Ke6 30. Kf3 b5 31. Bc1 Na4 32. h5 Nb6 33. Kf4 Nd7 34.
g5 hxg5+ 35. Kxg5 Nf8 36. Bd2 Kf7 37. Kf5 Ne6 38. Be3 Nf8 39. Bg1 Ne6 40. Bf2
Nf8 41. e6+ Nxe6 42. Ke5 Ke7 43. Bg3 Nf8 44. Kf5 Kf7 45. Bf4 Ne6 46. Be5 Nf8
47. Bd6 Nd7 48. Bc7 Nf6 49. Ke5 Ke7 50. Kf5 Nxh5 51. Kg6 Nf6 52. Be5 Ng4 53.
Bxg7 Ne3 54. Bf6+ Ke6 55. Bd8 Nc2 56. Bb6 Nxa3 57. Kg5 Nc4 58. Bc5 Nd6 59. Kf4
Nb7 60. Bb6 Kd7 61. Ke5 Nd6 62. Bc5 Nc4+ 63. Kf4 a5 64. bxa5 Nxa5 65. Ke3 Nb7
66. Bb4 Ke6 67. Kd3 Nd6 68. Kc3 Ne4+ 69. Kd3 Kd7 70. Kc2 Kc7 71. Kb3 Kb6 72.
Be1 c5 73. dxc5+ Kxc5 74. Bb4+ Kd4 75. Kc2 Kc4 76. Be7 b4 77. Bf8 d4 0-1

[Event "Guernsey International Holiday"]
[Site "?"]
[Date "2018.10.26"]
[Round "6"]
[White "Jones, Sidney A"]
[Black "Nielsen, Jorgen Holmstrom"]
[Result "0-1"]
[WhiteElo "1488"]
[BlackElo "1748"]
[PlyCount "55"]
[EventDate "2018.10.21"]
[EventType "swiss"]
[EventRounds "7"]

1. d4 Nf6 2. c4 e5 3. dxe5 Ng4 4. Nf3 Nc6 5. Nc3 Ngxe5 6. e3 d6 7. h3 Be6 8.
Nd5 Nxf3+ 9. Qxf3 Ne5 10. Qd1 c6 11. Nf4 Bxc4 12. Bxc4 Nxc4 13. O-O g6 14. Qd4
Ne5 15. Qd1 Bg7 16. Rb1 O-O 17. b3 Re8 18. Bb2 d5 19. Qe2 Bh6 20. Qd1 Qh4 21.
g3 Qe7 22. Re1 Rad8 23. Nd3 Nxd3 24. Qxd3 Bg7 25. Bxg7 Kxg7 26. Qd4+ Kg8 27.
Rbc1 Qa3 28. Re2 0-1